000 00711nam a22002177a 4500
003 PILC
005 20151027144456.0
008 130928t xxu||||| |||| 00| 0 eng d
020 _a0689312121
050 _aQH 81
_b.M266 1987
082 _aGS 790.1922
_bM341 1987
100 _aMarkle, Sandra
_922019
245 _aExploring Summer :
_cSandra Markle.
_ba season of science activities, puzzlers and games
260 _aNew York :
_bAtheneum,
_c1987.
300 _a170 p. :
_bill. ;
_c22 cm.
500 _aIncludes bibliographical references and index.
650 _aSummer
_xJuvenile literature.
_922020
650 _aAmusements--
_xJuvenile literature.
_922021
942 _2lcc
_cBK
999 _c12262
_d12262